000 00777nam a2200265 a 4500
001
003 DO-SdBNP
005 20240318105822.0
008 091001s2011 mx a r 000 0 spa d
020 _a9786071605276
040 _aDO-SdBNP
_bspa
_cBPMSU
082 4 _aM861.6
_bH967c 2011
_222
100 1 _aHurtado, Eduardo,
_d1950 -
245 1 0 _aCasi nada /
_cEduardo Hurtado
260 _aMéxico:
_bFondo de Cultura Económica,
_c2011
300 _a99 p. ;
_c22 cm.
_b
590 _aInventariado, 2024/VM
650 4 _aPoesía mexicana
650 4 _aFantasmas
_vPoesías.
650 4 _aLiteratura mexicana
650 4 _aAmistad
_vPoesías.
710 2 _aFondo de Cultura Económica (México)
910 _aVMateo V. Cotrol de calidad. BPMSU
942 _2ddc
_cBK
999 _c14602
_d14602